000
00323 a2200157 4500
001
59094
020
_a
8573022051
040
_c
Anchieta - Pituba
100
_a
Ventura, Zuenir
240
1
0
_a
Mal secreto
_l
por
245
1
0
_a
Mal secreto
300
_a
264
362
0
_a
1998
650
4
_a
Ficção brasileira
942
_c
BK
999
_c
59094
_d
59094